Регионална библиотека "Любен Каравелов" - Русе

[Сто] 100 най-велики изобретения (Запис номер 31084)

MARC детайли
000 -Лидер
Контролно поле с фиксирана дължина 01484nam a2200373 c 4500
003 - Код на организацията, давaща контролен номер
Контролно поле BLK
005 - Дата и час на последна редакция
Контролно поле 20230927113314.0
008 - Елементи от данни с фиксирана дължина
fixed length control field 180407b bul|||||r ||||||| ||bul||
010 ## - Наследен системен номер
LC control number KNG00033729000
020 ## - Международен стандартен номер на книга ISBN
Международен стандартен номер на книга ISBN 954-625-219-0
040 ## - Източник на каталожния запис
Идентификатор на билиотеката - собственик на записа BLK
041 ## - Код за език
Код за езика на текст/звукозапис или на отделно заглавие Български
Код за езика КДБФ Български
080 ## - УДК
Текстов определител УДК Изобретения и открития. Изобретателство. Рационализации. Патенти. Промишлени образци. Вж и 347.77
УДК код - определител по УДК 001.894
УДК определител (100)(091)
УДК - код + определител 001.894(100)(091)
100 1# - Редна дума - Автор
Автор Кренфийлд, Ингрид
Авторска отговорност първи автор
R(LIN) 84111
139 ## - Редно поле
Редна дума Кренфийлд, Ингрид и др.
Авторски знак Кре - К 90
245 10 - Сведения за заглавието
Заглавие [Сто] 100 най-велики изобретения
Редно поле (дума) Ингрид Кренфийлд; съавт. Филип Уилкинсън; прев. Христо Найденов.
257 ## - Страна на издаване
Страна на създаване/издаване Великобритания
260 ## - Област на издателските данни
Име на издателя, разпространителя и проч. Фют
Година на издаване 2000
Печатница ПК "Д. Благоев"
Място на издаване, разпространение и проч. София
300 ## - Физическа характеристика
Страници 110 с.
Илюстрации и др. с цв. ил.
Размери/Мащаб 28 см
380 ## - Жанр
Жанр Техника
500 ## - Общи забележки
Забележка Деп. сп.37
650 #4 - Допълнително описание по предмет – тема
Основно описание – тема или топоним Изобретения - история
9 (RLIN) 244564
653 ## - Ключова дума – ненормативна
Ключова дума изобретения
653 ## - Ключова дума – ненормативна
Ключова дума изобретатели
700 1# - Други автори (авторска отговорност)
Лично име Уилкинсън, Филип
Автороска отговорност (Описва отношението между автора и произведението) съавт.
9 (RLIN) 271219
700 1# - Други автори (авторска отговорност)
Лично име Найденов, Христо
Автороска отговорност (Описва отношението между автора и произведението) прев.
9 (RLIN) 366612
852 ## - Местоположение
Форматна сигнатура Цб ІІ 10895
856 4# - Електронен адрес и достъп
Електронен формат pdf - файл
856 4# - Електронен адрес и достъп
Електронен формат pdf - файл
999 ## - СИСТЕМНИ КОНТРОЛНИ НОМЕРА
Koha biblionumber 31084
Koha biblioitemnumber 31084
942 ## - АРТИКУЛИ
Вид на библиотечния материал Книги
Скрит в OPAC Не
Koha issues (borrowed), all copies 2
Периодичен библиозапис Да
944 ## - СЪЗДАВАНЕ И РЕДАКЦИЯ на ЗАПИСА
Създаване/Редакция Създаване
Дата на регистрацията/редакция 15.01.2003
Служител, извършил регистрацията/редакцията 30551
Статус, дата на статуса Бояна Костадинова
944 ## - СЪЗДАВАНЕ И РЕДАКЦИЯ на ЗАПИСА
Създаване/Редакция Редакция
Дата на регистрацията/редакция 15.01.2003
999 ## - СИСТЕМНИ КОНТРОЛНИ НОМЕРА
Koha biblioitemnumber 31084
Наличности
Код за отписване Код за изгубен артикул Източник на класификационната схема Код за повреда Коз за рестрикции Код за отдаване Артикулен № Име на библиотеката - собственик Име на библиотеката, в която се намира в момента Статус (Текущо местоположение) Дата на вписване в системата Местоположение - отдел Цена в лева Инвентарен номер Систематично азбучна сигнатура Баркод Номер на екземпляра Цена в евро Служебен тип на артикула Служебна бележка
  Не е изгубен Universal Decimal Classification Не е повреден без рестрикции ползва се в читалня 49662 Регионална библиотека "Любен Каравелов" Русе Регионална библиотека "Любен Каравелов" Русе Хранилище 2001-01-01 Хранилище 0.00 659503 Цб II 10895 120000659503 1 0.00 Книги  
  Не е изгубен Universal Decimal Classification Не е повреден без рестрикции заемане за дома 49663 Регионална библиотека "Любен Каравелов" Русе Регионална библиотека "Любен Каравелов" Русе Детски отдел 2001-01-01 Детски отдел 11.00 662012 Д 0/К 90 120000662012 2 5.62 Книги Дата инв: 21.08.2015 Бележки инв: Д2015
Изтеглен Не е изгубен Universal Decimal Classification Не е повреден без рестрикции заемане за дома 49664 Регионална библиотека "Любен Каравелов" Русе Регионална библиотека "Любен Каравелов" Русе Детски отдел 2002-12-20 Детски отдел 10.90 120000674107 Д 0/К 90 120000674107 3 5.57 Книги Дост: Pk Вид: Ф N: 8602 Дата: 19.12.2002 Дата инв: 20.08.2015 Бележки инв: Д2015
Vip Innovations Ltd, Rousse, Bulgaria 2025